000 02705nam a22002897a 4500
005 20240305165501.0
007 cr|||| ||||
008 180314s2010 es |||||s|||| 00||0 spa d
020 _a978-84-9123-374-9
035 _a21062
040 _avLex
090 _c7476
_d7476
100 1 _aArribas León, Mónica
245 1 0 _aTributación de las adquisiciones intracomunitarias de bienes en el impuesto sobre el valor añadido
_h[Recurso electrónico] /
_cMónica Arribas León, Montserrat Hermosín Álvarez
256 _aServicio en línea
260 _aMadrid:
_bMarcial Pons,
_c2010
300 _a1 recurso electrónico
500 _aEl régimen transitorio del IVA, que se implantó con vocación coyuntural, ha pasado a asentarse en las legislaciones internas de los Estados miembros de la Unión Europea, sin que previsiblemente el principio de imposición en origen se pueda convertir en una realidad a corto plazo. El cumplimiento de este principio se ha articulado a través de la creación de un nuevo hecho imponible conformado por las adquisiciones intracomunitarias de bienes. En esta obra se analiza su régimen jurídico y los principales problemas que plantea su aplicación. Se caracteriza por ser un sistema complejo que presenta numerosos problemas en su funcionamiento; el fraude y los supuestos de responsabilidad, la exención de las operaciones triangulares, las reglas de localización y devengo son algunas de las cuestiones que se afrontan en sus páginas. Las dificultades interpretativas son innumerables, y prueba de ello son las abundantes consultas que se plantean a la Administración Tributaria. El presente es un trabajo académico que sigue paso a paso la realidad de las adquisiciones intracomunitarias de bienes junto a la doctrina, la jurisprudencia y los pronunciamientos de la Dirección General de Tributos. Esto, junto a la permanencia del sistema transitorio y a los inconvenientes que plantea su aplicación hace de éste un libro especialmente útil para los profesionales del Derecho
506 1 _aDisponible solo en los productos indicados
_dvLex Global
_dvLex Global (Academic Edition, excluding Law Schools)
_dvLex Global (U.S. Academic Edition, Law Schools)
_dvLex Global (U.S. Academic Edition, excluding Law Schools)
_dvLex Global (Academic Edition, Law Schools)
650 0 4 _aDerecho Fiscal
_zEspaña
650 0 4 _aDerecho Tributario
_zEspaña
650 0 4 _aFinanciero
_zEspaña
700 1 _aHermosín Álvarez, Montserrat
740 0 _avLex Libros (Servicio en línea)
856 4 0 _uhttps://app.vlex.com/#/sources/tributacion-de-las-adquisiciones-intracomunitarias-de-bienes-en-el-impuesto-sobre-el-valor-a-adido-21062
942 _cRAA
999 _c165714
_d165714